[Event "UAE-ch"]
[Site "Sharjah"]
[Date "2019.08.16"]
[Round "1"]
[White "Ahmed, Fareed"]
[Black "Khalifa Essa, Albalooshi"]
[Result "0-1"]
[WhiteElo "1975"]
[BlackElo "1532"]
[PlyCount "130"]
[EventDate "2019.08.16"]
[EventType "swiss"]
[EventRounds "9"]
[EventCountry "UAE"]
[SourceTitle "EXT 2020"]
[Source "ChessBase"]
[SourceDate "2019.10.17"]
[SourceVersion "1"]
[SourceVersionDate "2019.10.17"]
[SourceQuality "1"]

1. d4 Nf6 2. c4 e6 3. Nc3 Bb4 4. Qc2 0-0 5. a3 Bxc3+ 6. Qxc3 d5 7. Bg5 dxc4 8. Qxc4 Nc6 9. Nf3 h6 10. Be3 Qd5 11. Qxd5 Nxd5 12. Bd2 f5 13. b4 Bd7 14. e3 a6 15. Bc4 Nd8 16. 0-0 Nf7 17. Rfc1 c6 18. Bb3 Rfe8 19. a4 g5 20. h3 Kg7 21. Ne1 Nd6 22. Nd3 Rad8 23. f3 Nf6 24. Be1 Bc8 25. g4 h5 26. gxh5 Rh8 27. Bg3 Rxh5 28. Bxd6 Rxd6 29. Nf2 Nd5 30. Bxd5 exd5 31. b5 f4 32. exf4 gxf4 33. bxc6 bxc6 34. Ng4 Rxh3 35. Kf2 Bxg4 36. fxg4 Kg6 37. Re1 Kg5 38. Re8 Kxg4 39. Rg1+ Kf5 40. Re5+ Kf6 41. Rg4 f3 42. Rf4+ Kg6 43. Re8 Rh2+ 44. Kxf3 Ra2 45. Rff8 Rf6+ 46. Ke3 Rxf8 47. Rxf8 Rxa4 48. Rc8 Rc4 49. Ra8 Ra4 50. Rc8 Kf5 51. Kd3 Ra3+ 52. Kc2 Ke4 53. Kb2 Ra4 54. Rxc6 Kxd4 55. Kb3 Ra5 56. Kb4 Ra1 57. Rc2 Rb1+ 58. Ka3 Kd3 59. Rh2 d4 60. Rh4 Kc3 61. Ka2 Rb5 62. Rh6 d3 63. Rc6+ Kd4 64. Rc7 d2 65. Rc1 Ra5+ 0-1

[Event "Asian Cities-chT"]
[Site "Dhaka"]
[Date "2019.07.17"]
[Round "9.2"]
[White "Ahmed, Fareed"]
[Black "Wahid, Hussain"]
[Result "0-1"]
[WhiteElo "1985"]
[BlackElo "1843"]
[PlyCount "98"]
[EventDate "2019.07.10"]
[EventType "team-swiss"]
[EventRounds "9"]
[EventCountry "BAN"]
[SourceTitle "EXT 2020"]
[Source "ChessBase"]
[SourceDate "2019.10.17"]
[SourceVersion "1"]
[SourceVersionDate "2019.10.17"]
[SourceQuality "1"]
[WhiteTeam "Dubai"]
[BlackTeam "Pakpattan City"]
[WhiteTeamCountry "UAE"]
[BlackTeamCountry "PAK"]

1. e4 e6 2. d4 d5 3. Nd2 dxe4 4. Nxe4 Nd7 5. Nf3 Ngf6 6. Ng3 Bd6 7. Bd3 b6 8. Qe2 Bb7 9. Bd2 c5 10. dxc5 Bxc5 11. c4 Qc7 12. Bc3 0-0 13. 0-0 Rac8 14. Ng5 h6 15. N5e4 Be7 16. f4 Rfd8 17. f5 e5 18. Nxf6+ Bxf6 19. Nh5 Bg5 20. b3 Nf6 21. Nxf6+ Bxf6 22. Be4 Rd7 23. Rfe1 b5 24. Bxb7 Qxb7 25. Bxe5 Re7 26. Qb2 Rce8 27. Bxf6 Rxe1+ 28. Rxe1 Rxe1+ 29. Kf2 Qe4 30. Qd2 Rh1 31. Bc3 Qxf5+ 32. Kg3 bxc4 33. bxc4 Qg6+ 34. Kf2 Rxh2 35. Kg1 Rh5 36. a4 Kh7 37. a5 a6 38. Qe2 Qb1+ 39. Kf2 Rf5+ 40. Kg3 Qb8+ 41. Kh3 Qf4 42. g3 Qf1+ 43. Qxf1 Rxf1 44. Bd4 Rc1 45. c5 f5 46. g4 Rc4 47. Bf2 Kg6 48. Kg3 Kf6 49. Kf3 Ke6 0-1

[Event "Asian Cities-chT"]
[Site "Dhaka"]
[Date "2019.07.10"]
[Round "1.4"]
[White "Ahmed, Fareed"]
[Black "Islam, Khandaker Aminul"]
[Result "0-1"]
[WhiteElo "1985"]
[BlackElo "2233"]
[PlyCount "82"]
[EventDate "2019.07.10"]
[EventType "team-swiss"]
[EventRounds "9"]
[EventCountry "BAN"]
[SourceTitle "EXT 2020"]
[Source "ChessBase"]
[SourceDate "2019.10.17"]
[SourceVersion "1"]
[SourceVersionDate "2019.10.17"]
[SourceQuality "1"]
[WhiteTeam "Dubai"]
[BlackTeam "Dhaka"]
[WhiteTeamCountry "UAE"]
[BlackTeamCountry "BAN"]

1. e4 e5 2. Nf3 Nc6 3. Bb5 a6 4. Ba4 Nf6 5. 0-0 Be7 6. Re1 b5 7. Bb3 d6 8. c3 0-0 9. d4 Bg4 10. Be3 Re8 11. Nbd2 Bf8 12. a4 Rb8 13. axb5 axb5 14. d5 Ne7 15. h3 Bd7 16. Ra6 Ng6 17. Qa1 Nh5 18. Qa5 Nhf4 19. Ra7 Rc8 20. c4 Be7 21. cxb5 Bxh3 22. b6 Nxg2 23. bxc7 Qd7 24. Ba4 Qg4 25. Nh2 Qh4 26. Ndf3 Qh5 27. Bxe8 N6f4 28. Kh1 Nxe3 29. Rxe3 Qg6 30. Ne1 Bh4 31. Bd7 Bxf2 32. Bg4 Bxg4 33. Ra8 Bd7 34. Rxc8+ Bxc8 35. Nhf3 Qh5+ 36. Nh2 Qg6 37. Nhf3 Bxe3 38. Qa8 Qg4 39. Qa4 Qd7 40. Qxd7 Bxd7 41. b4 Bb6 0-1

[Event "Sharjah Ramadan op rapid"]
[Site "Sharjah"]
[Date "2019.05.15"]
[Round "8"]
[White "Hilwani, Talal"]
[Black "Ahmed, Fareed"]
[Result "1-0"]
[WhiteElo "2274"]
[BlackElo "1985"]
[PlyCount "81"]
[EventDate "2019.05.13"]
[EventType "swiss (rapid)"]
[EventRounds "9"]
[EventCountry "UAE"]
[SourceTitle "CBM 190 Extra"]
[Source "ChessBase"]
[SourceDate "2019.07.15"]
[SourceVersion "1"]
[SourceVersionDate "2019.07.15"]
[SourceQuality "1"]

1. Nf3 Nf6 2. c4 e6 3. g3 d5 4. Bg2 Be7 5. 0-0 0-0 6. b3 a5 7. Nc3 c6 8. Bb2 Nbd7 9. Qc2 Nc5 10. d4 Nce4 11. Nxe4 Nxe4 12. Ne5 f6 13. Nd3 Nd6 14. c5 Nf7 15. e4 b6 16. Rfe1 Re8 17. Rac1 Ba6 18. exd5 Bxd3 19. Qxd3 exd5 20. h4 bxc5 21. dxc5 Bf8 22. Bd4 Qd7 23. Qc3 Qc7 24. Bh3 Ne5 25. Re3 Nd7 26. Be6+ Kh8 27. h5 Re7 28. h6 gxh6 29. Bxd7 Rxe3 30. Bxf6+ Kg8 31. Qxe3 Qxd7 32. Re1 Ra7 33. Kg2 Qf7 34. Bd4 Bg7 35. Bxg7 Kxg7 36. Qe6 Qf6 37. Qg4+ Kf7 38. Re3 Qg5 39. Rf3+ Kg7 40. Qc8 Qg6 41. Qf8# 1-0

[Event "Sharjah Ramadan op rapid"]
[Site "Sharjah"]
[Date "2019.05.14"]
[Round "5"]
[White "Ahmed, Fareed"]
[Black "Salem, AR Saleh"]
[Result "0-1"]
[WhiteElo "1985"]
[BlackElo "2672"]
[PlyCount "76"]
[EventDate "2019.05.13"]
[EventType "swiss (rapid)"]
[EventRounds "9"]
[EventCountry "UAE"]
[SourceTitle "CBM 190 Extra"]
[Source "ChessBase"]
[SourceDate "2019.07.15"]
[SourceVersion "1"]
[SourceVersionDate "2019.07.15"]
[SourceQuality "1"]

1. e4 e5 2. Nf3 Nc6 3. Bb5 a6 4. Ba4 g6 5. c3 d6 6. d4 Bd7 7. 0-0 Bg7 8. d5 Nce7 9. c4 h6 10. Nc3 f5 11. b4 Nf6 12. Bxd7+ Qxd7 13. Qd3 0-0 14. Nd2 h5 15. a4 Bh6 16. f3 Bxd2 17. Qxd2 f4 18. c5 g5 19. Ba3 g4 20. b5 Ng6 21. c6 bxc6 22. dxc6 Qg7 23. Kh1 Kh7 24. b6 cxb6 25. Qxd6 Rfd8 26. Qe6 Nh4 27. Ra2 Re8 28. Qc4 gxf3 29. gxf3 Rg8 30. Qe2 Qf7 31. Rd2 Rg2 32. Qd1 Rxd2 33. Qxd2 Qc4 34. Qf2 Rg8 35. Rc1 Qd3 36. Be7 Rg2 37. Qxh4 Qxf3 38. h3 Rg3+ 0-1

[Event "Sharjah Ramadan op rapid"]
[Site "Sharjah"]
[Date "2019.05.14"]
[Round "3"]
[White "Ali, Sebbar"]
[Black "Ahmed, Fareed"]
[Result "1-0"]
[WhiteElo "2404"]
[BlackElo "1985"]
[PlyCount "75"]
[EventDate "2019.05.13"]
[EventType "swiss (rapid)"]
[EventRounds "9"]
[EventCountry "UAE"]
[SourceTitle "CBM 190 Extra"]
[Source "ChessBase"]
[SourceDate "2019.07.15"]
[SourceVersion "1"]
[SourceVersionDate "2019.07.15"]
[SourceQuality "1"]

1. d4 Nf6 2. Nf3 e6 3. Bg5 d5 4. Nbd2 Nbd7 5. e3 c5 6. c3 Be7 7. Bd3 b6 8. 0-0 Bb7 9. Ne5 Nxe5 10. dxe5 Nd7 11. Bf4 g5 12. Bg3 h5 13. f4 h4 14. Be1 Qc7 15. c4 0-0-0 16. Qe2 Rdg8 17. cxd5 Bxd5 18. Be4 Qb7 19. Bxd5 Qxd5 20. Nc4 gxf4 21. exf4 Rh6 22. Rf2 Rhg6 23. Ne3 Qe4 24. Qf3 Qxf3 25. Rxf3 c4 26. Rc1 b5 27. Rc2 Nb6 28. f5 exf5 29. Nxf5 Bc5+ 30. Kf1 Re6 31. Bxh4 Rxe5 32. Bg3 Re4 33. Bd6 Bd4 34. Ne7+ Rxe7 35. Bxe7 Nd5 36. Re2 Bxb2 37. Rxb2 Nxe7 38. Rxf7 1-0

[Event "Sharjah Ramadan op rapid"]
[Site "Sharjah"]
[Date "2019.05.13"]
[Round "2"]
[White "Ahmed, Fareed"]
[Black "Fatima, Saif Al Ali"]
[Result "1-0"]
[WhiteElo "1985"]
[BlackElo "1282"]
[PlyCount "39"]
[EventDate "2019.05.13"]
[EventType "swiss (rapid)"]
[EventRounds "9"]
[EventCountry "UAE"]
[SourceTitle "CBM 190 Extra"]
[Source "ChessBase"]
[SourceDate "2019.07.15"]
[SourceVersion "1"]
[SourceVersionDate "2019.07.15"]
[SourceQuality "1"]

1. e4 c6 2. c4 d5 3. exd5 cxd5 4. cxd5 Qxd5 5. Nc3 Qd8 6. Nf3 Nc6 7. d4 Nf6 8. d5 Nb4 9. Qa4+ Bd7 10. Qxb4 e6 11. Qxb7 exd5 12. Bb5 Bxb5 13. Qxb5+ Qd7 14. Qxd7+ Kxd7 15. 0-0 Be7 16. Bg5 h6 17. Bxf6 Bxf6 18. Nxd5 Bxb2 19. Rad1 Rab8 20. Rfe1 1-0

[Event "Dubai op 21st"]
[Site "Dubai"]
[Date "2019.04.01"]
[Round "1"]
[White "Ahmed, Fareed"]
[Black "Aditya, Mittal"]
[Result "0-1"]
[WhiteElo "1950"]
[BlackElo "2454"]
[PlyCount "46"]
[EventDate "2019.04.01"]
[EventType "swiss"]
[EventRounds "9"]
[EventCountry "UAE"]
[SourceTitle "CBM 189 Extra"]
[Source "ChessBase"]
[SourceDate "2019.06.03"]
[SourceVersion "1"]
[SourceVersionDate "2019.06.03"]
[SourceQuality "1"]

1. e4 c5 2. Nf3 d6 3. d4 cxd4 4. Nxd4 Nf6 5. Nc3 a6 6. Bc4 e6 7. Bb3 Nbd7 8. f4 Nc5 9. Qf3 b5 10. f5 e5 11. Nde2 Qa5 12. g4 Bb7 13. Bd2 Nxb3 14. cxb3 b4 15. g5 bxc3 16. Bxc3 Bxe4 17. Qg3 Qd5 18. gxf6 Bxh1 19. fxg7 Rg8 20. gxf8Q+ Kxf8 21. Qe3 Qe4 22. Qb6 Rg2 23. Qxd6+ Kg8 0-1

[Event "Sharjah Masters 3rd"]
[Site "Sharjah"]
[Date "2019.03.22"]
[Round "1"]
[White "Sadhwani, Raunak"]
[Black "Ahmed, Fareed"]
[Result "1-0"]
[WhiteElo "2455"]
[BlackElo "1950"]
[PlyCount "61"]
[EventDate "2019.03.22"]
[EventType "swiss"]
[EventRounds "9"]
[EventCountry "UAE"]
[SourceTitle "CBM 189 Extra"]
[Source "ChessBase"]
[SourceDate "2019.06.03"]
[SourceVersion "1"]
[SourceVersionDate "2019.06.03"]
[SourceQuality "1"]

1. d4 Nf6 2. Nc3 e6 3. Bf4 Bb4 4. Qd3 d5 5. a3 Bd6 6. Bg3 0-0 7. 0-0-0 c5 8. dxc5 Bxc5 9. e4 Nc6 10. Nf3 Qa5 11. exd5 exd5 12. Qb5 Qxb5 13. Bxb5 Ne4 14. Rxd5 Nxg3 15. fxg3 Be3+ 16. Kb1 Be6 17. Rd3 Bh6 18. Bxc6 bxc6 19. Nd4 Bc4 20. Rdd1 c5 21. Nf5 Bg5 22. Ne4 h6 23. Nxc5 Rac8 24. Ne4 Rc7 25. Nxg5 hxg5 26. Rhe1 g6 27. Nd6 Ba6 28. Ne4 f6 29. Rd6 Bc4 30. Nxf6+ Kh8 31. b3 1-0

[Event "UAE President Cup"]
[Site "Ajman"]
[Date "2019.01.08"]
[Round "8"]
[White "Ahmed, Fareed"]
[Black "Sultan, Ibrahim"]
[Result "0-1"]
[WhiteElo "1973"]
[BlackElo "2129"]
[PlyCount "90"]
[EventDate "2019.01.02"]
[EventType "swiss"]
[EventRounds "9"]
[EventCountry "UAE"]
[SourceTitle "CBM 188 Extra"]
[Source "ChessBase"]
[SourceDate "2019.02.26"]
[SourceVersion "1"]
[SourceVersionDate "2019.02.26"]
[SourceQuality "1"]

1. e4 e6 2. d4 d5 3. e5 c5 4. c3 Nc6 5. Nf3 Qb6 6. a3 Nh6 7. b4 cxd4 8. cxd4 Nf5 9. Bb2 Be7 10. Bd3 a5 11. Bxf5 exf5 12. Nc3 Be6 13. b5 a4 14. Qd3 Nb8 15. h4 Nd7 16. Bc1 h6 17. Rh3 Qc7 18. Rg3 g6 19. Ne2 Nb6 20. Nf4 Qd7 21. Ke2 Nc4 22. Rb1 Rc8 23. Qd1 Ra8 24. Nd2 Nxd2 25. Bxd2 Bxh4 26. Rh3 Be7 27. Nxe6 Qxe6 28. Bxh6 f4 29. Bxf4 Rxh3 30. gxh3 Qxh3 31. Be3 Qg4+ 32. f3 Qg2+ 33. Bf2 Bh4 34. Qg1 Qxg1 35. Rxg1 Be7 36. Ra1 Ra5 37. Rb1 Bxa3 38. Be1 Ra8 39. Kd3 Kd7 40. Ra1 Bb2 41. Ra2 a3 42. Bb4 b6 43. f4 Ra4 44. Bc3 Bxc3 45. Kxc3 Ke6 0-1